Normal view
MARC view
- Umair Muhammad
Entry Personal Name
001 - CONTROL NUMBER
- control field: 10632
003 - CONTROL NUMBER IDENTIFIER
- control field: NUST
005 - DATE AND TIME OF LATEST TRANSACTION
- control field: 20180530054520.0
008 - FIXED-LENGTH DATA ELEMENTS
- fixed length control field: 180530|| aca||aabn | a|a d
040 ## - CATALOGING SOURCE
- Original cataloging agency: NUST
- Transcribing agency: NUST
100 ## - HEADING--PERSONAL NAME
- Personal name: Umair Muhammad
670 ## - SOURCE DATA FOUND
- Source citation: Work cat.: (NUST): Umair Muhammad , MS-Thesis: Development of Technical Facility Layout for Aviation Engineering Setup, C,April,2018
